| 000 | 01527nam a22002417a 4500 | ||
|---|---|---|---|
| 999 |
_c6990 _d6990 |
||
| 003 | DO-SdBJH | ||
| 005 | 20220906150824.0 | ||
| 008 | 220906b ||||| |||| 00| 0 spa d | ||
| 040 |
_aDO-SdBJH _bspa _cDO-SdBJH |
||
| 090 |
_aTG ANMG _b01776 2020 |
||
| 100 | 1 |
_aUrriola Palacios, Milagros _esustentante |
|
| 245 | 1 | 0 |
_aAnálisis de las condiciones ambientales de los espacios educativos de las Academias Militares de República Dominicana en el período 2018-2020 / _c Milagros Urriola Palacios, Freudy Ventura Rojas, asesores Manuel Feliz Ledesma, Rafael Leonidas Uribe |
| 260 |
_aSanto Domingo Este : _bINSUDE, _c2020 |
||
| 300 | _axiii, 37 páginas, organigrama | ||
| 502 | _aTrabajo de grado (Licenciado en Ciencias Navales). -- Instituto Superior para la Defensa (INSUDE). Academia Naval Marina de Guerra “Vicealmirante Cesar D’Windt Lavandier”, 2020 | ||
| 504 | _aIncluye referencias bibliográficas e índices | ||
| 505 | _aConcepto de Academias Militares y sus generalidades. -- Situación actual de los espacios educativos de las Academias Militares en República Dominicana. -- Posibles soluciones que beneficiaran el proceso de enseñanza, aprendizaje en las Academias Militares de República Dominicana | ||
| 700 | 1 |
_aVentura Rojas, Freudy _esustentante |
|
| 700 | 1 |
_aFeliz Ledesma, Manuel _easesor |
|
| 700 | 1 |
_aLeonidas Uribe, Rafael _easesor |
|
| 830 | _aINSUDE. Academia Naval Marina de Guerra “Vicealmirante Cesar D’Windt Lavandier”. Tesis y disertaciones académicas | ||
| 942 |
_2CL _cT |
||